Reservas y liquidez internacionales
Αποθηκεύτηκε σε:
| Συγγραφή απο Οργανισμό/Αρχή: | |
|---|---|
| Μορφή: | Βιβλίο |
| Γλώσσα: | Ισπανικά |
| Έκδοση: |
Ciudad de México
Centro de Estudios Monetarios Latinoamericanos
1958
|
| Σειρά: | Biblioteca Financiera
|
| Θέματα: | |
| Ετικέτες: |
Προσθήκη ετικέτας
Δεν υπάρχουν, Καταχωρήστε ετικέτα πρώτοι!
|
MARC
| LEADER | 00000nam a2200000 a 4500 | ||
|---|---|---|---|
| 001 | UCT7708 | ||
| 003 | CL-VaPUC | ||
| 008 | 970317e19580000MX |||||||||||||||||spa|d | ||
| 082 | 0 | 4 | |a 332.15 |b CEN |2 21 |
| 110 | 2 | |a Centro de Estudios Monetarios Latinoamericanos |e author |9 378737 | |
| 245 | 1 | 0 | |a Reservas y liquidez internacionales |
| 300 | |a 131 p | ||
| 942 | |c BK | ||
| 945 | |d 19970317 00:00:00 |a nastorga | ||
| 260 | |a Ciudad de México |b Centro de Estudios Monetarios Latinoamericanos |c 1958 | ||
| 650 | 0 | |a Política monetaria |9 258279 | |
| 650 | 7 | |a LIQUIDEZ INTERNACIONAL |2 CL-VaPUC |9 358833 | |
| 650 | 7 | |a INSTITUCIONES FINANCIERAS |2 CL-VaPUC |9 257940 | |
| 650 | 0 | |a Economía |9 255568 | |
| 650 | 7 | |a EXPORTACIONES |2 CL-VaPUC |9 255382 | |
| 650 | 0 | |a Capital |9 263726 | |
| 650 | 0 | |a Dinero |9 314331 | |
| 583 | |a last modification |c 19970317 00:00:00 |k Rodrigo Vera | ||
| 490 | 0 | |a Biblioteca Financiera | |
| 999 | |c 256256 |d 256254 | ||
| 952 | |0 0 |1 0 |4 0 |6 332_150000000000000_CEN_1958 |7 0 |8 P |9 278911 |a BIBDER |b BIBDER |d 2019-11-19 |i 1810022 |o 332.15 CEN 1958 |p 1810022 |r 2023-01-25 |w 2019-11-19 |y BK |k DER | ||